Online
Catalog

Agroindustria, estado y clases sociales en la era de Trujillo (1935-1960) / (Record no. 2790)

MARC details
000 -CABECERA
campo de control de longitud fija 01239nam a2200241 u 4500
001 - NÚMERO DE CONTROL
campo de control 000002958
003 - IDENTIFICADOR DEL NÚMERO DE CONTROL
campo de control DO-SdBNP
005 - FECHA Y HORA DE LA ÚLTIMA TRANSACCIÓN
campo de control 20250410132207.0
008 - DATOS DE LONGITUD FIJA--INFORMACIÓN GENERAL
campo de control de longitud fija 090706s1993 dr r 001 0 spa d
040 ## - FUENTE DE LA CATALOGACIÓN
Centro catalogador/agencia de origen DO-SdBNP
Lengua de catalogación spa
Centro/agencia transcriptor BNPHU
082 ## - NÚMERO DE LA CLASIFICACIÓN DECIMAL DEWEY
Número de clasificación 338.1897293
Número de documento/Ítem M334a
100 1# - ENTRADA PRINCIPAL--NOMBRE DE PERSONA
Nombre de persona Maríñez, Pablo A.
9 (RLIN) 5748
245 10 - MENCIÓN DE TÍTULO
Título Agroindustria, estado y clases sociales en la era de Trujillo (1935-1960) /
Mención de responsabilidad, etc. Pablo A. Maríñez.
260 ## - PUBLICACIÓN, DISTRIBUCIÓN, ETC.
Lugar de publicación, distribución, etc. Santo Domingo :
Nombre del editor, distribuidor, etc. Fundación Cultural Dominicana,
Fecha de publicación, distribución, etc. 1993.
504 ## - NOTA DE BIBLIOGRAFÍA, ETC.
Nota de bibliografía, etc. Incluye bibliografía y notas al pie de páginas.
504 ## - NOTA DE BIBLIOGRAFÍA, ETC.
Nota de bibliografía, etc. Bibliografía : p. 129-142.
505 0# - NOTA DE CONTENIDO CON FORMATO
Información miscelánea Advertencia preliminar --
Título Introducción : Consideraciones teóricas sobre agroindustria --
-- Hacia una conformación del estado interventor --
-- La penetración del capitalismo en el agro --
-- El proceso de agroindustrialización --
-- El proceso de cambio en las clases sociales --
Información miscelánea Bibliografía y fuentes utilizadas --
-- Indice temático.
590 ## - NOTA LOCAL (RLIN)
Nota local Inventariado,2018/DG
650 14 - PUNTO DE ACCESO ADICIONAL DE MATERIA--TÉRMINO DE MATERIA
Término de materia o nombre geográfico como elemento de entrada Industrias agropecuarias
Subdivisión general Aspectos económicos
Subdivisión geográfica República Dominicana
9 (RLIN) 9401
651 14 - PUNTO DE ACCESO ADICIONAL DE MATERIA--NOMBRE GEOGRÁFICO
Nombre geográfico República Dominicana
Subdivisión general Política y gobierno
Subdivisión cronológica Era de Trujillo, 1930-1961
9 (RLIN) 1374
910 ## - DATOS DE OPCIÓN DEL USUARIO (OCLC)
Datos de opción del usuario Validado. Control de calidad EMS.
942 ## - ELEMENTOS DE PUNTO DE ACCESO ADICIONAL (KOHA)
Fuente del sistema de clasificación o colocación Dewey Decimal Classification
Tipo de ítem Koha Libro
Holdings
Estado de retiro Estado de pérdida No para préstamo Código de colección Localización permanente Ubicación/localización actual Ubicación en estantería Fecha de adquisición Fuente de adquisición Número de inventario Total de préstamos Signatura topográfica completa Código de barras Fecha visto por última vez Precio válido a partir de Tipo de ítem Koha Número de copia
    Excluido de préstamo Patrimonio Dominicano Patrimonio Dominicano Patrimonio Dominicano Depósito 06.07.2009 033290 LF1   338.1897293 M334a 2958-10 25.06.2020 25.06.2020 Libro y Folleto Colección Patrimonio Dominicano  
    Excluido de préstamo Patrimonio Dominicano Patrimonio Dominicano Patrimonio Dominicano Depósito 06.07.2009 038020 LF1   338.1897293 M334a 2958-20 25.06.2020 25.06.2020 Libro y Folleto Colección Patrimonio Dominicano e. 2

Powered by Koha